Polscy politycy 2025 roku! - Statystyki

Ogólne statystyki
  • Ten quiz został rozwiązany 233 razy
  • Średni wynik to 20 z 24
Statystyki odpowiedzi
Obrazkowy Odpowiedź % Poprawnych
Andrzej Duda
99%
Donald Tusk
99%
Jarosław Kaczyński
99%
Karol Nawrocki
99%
Sławomir Mentzen
99%
Szymon Hołownia
98%
Grzegorz Braun
97%
Rafał Trzaskowski
97%
Joanna Senyszyn
95%
Mateusz Morawiecki
95%
Krzysztof Bosak
93%
Adrian Zandberg
92%
Władysław Kosiniak-Kamysz
87%
Magdalena Biejat
85%
Włodzimierz Czarzasty
85%
Zbigniew Ziobro
84%
Przemysław Czarnek
83%
Radosław Sikorski
83%
Anna Maria Żukowska
81%
Roman Giertych
76%
Mariusz Błaszczak
62%
Waldemar Żurek
54%
Robert Bąkiewicz
40%
Marcin Romanowski
32%
Nie znaleziono quizów pasujących do podanych kryteriów
Rozkład punktacji
Procent ludzi z każdym wynikiem
Percentyl według liczby udzielonych odpowiedzi
Twoja historia wyników
Nie rozwiązałeś tego quizu